| 000 | 00798nam a2200205Ia 4500 | ||
|---|---|---|---|
| 999 |
_c2603 _d2603 |
||
| 003 | DO-SdBJH | ||
| 005 | 20180415212631.0 | ||
| 008 | 180414s9999 dr 000 0 spa d | ||
| 040 |
_aDO-SdBJH _bspa _cDO-SdBJH |
||
| 090 | _aDM ARTEP TMP-7-3 1988 | ||
| 110 | _aInstituto de Cooperación para la Seguridad Hemisférica | ||
| 245 | 1 | 0 | _aARTEP 7-3- TMP Plan de adiestramiento de la misión para pelotones y escuadras de fusileros de infantería / Instituto de Cooperación para la Seguridad Hemisférica |
| 260 | _aFuerte Benning, Georgia : Cuartel General Secretaría del Ejército, 1988 | ||
| 300 | _av, 403 páginas | ||
| 490 | _aARTEP 7-3- TMP | ||
| 504 | _aIncluye apéndices | ||
| 650 | 4 | _aAdiestramiento -- Pelotones y escuadras | |
| 650 | 4 | _aFusileros -- Infantería | |
| 942 |
_2ddc _cBK |
||